000 00440nam a2200157 i 4500
001 114701
003 ES-MaACL
005 20230906190231.0
007 t|
008 070321s1971 sp ||||1| spa d
245 0 0 _aRepertorio biográfico de Procuradores en Cortes.
260 _aMadrid :
_bDopress,
_c[1971]
300 _a2 v. ;
_c22 cm.
650 1 4 _aProcuradores en cortes-
_zEspaña.
_916442
852 _aES-MaACL
_jC-43356-7
_bR.81463
999 _c114701
_d114701